01492nam a2200313 a 450000100100000000500170001000800410002702000150006804000250008308200200010810000410012824500700016926000430023930000210028249000490030349000300035259000510038259000260043365000290045965000310048883000560051983000370057591000410061295201330065395201330078695201180091995201240103799900170116100001311020240412074237.0091120s2005 dr 000 f spa d z9993477944 aDO-SdBNPbspacBNPHU aRD863.44bS211c1 aSánchez Hernández, Antonio9974614aLos cuentos del abuelo Lisandro /cAntonio Sánchez Hernández. aSanto Domingo :bUniversitaria,c2005. a230 p. ;c21 cm.1 aUniversidad Autónoma de Santo Domingov8171 aLiteratura y Sociedadv53 aLa biblioteca posee 2 ejemplares autografiados aInventariado, 2019/VM 0aCuentos dominicanos9176 0aLiteratura dominicana.967 0aUniversidad Autónoma de Santo Domingov817917164 0aLiteratura y Sociedadv53912032 aValidado. Control de calidad MMOLINA 001054708DSaGRbGRcHDd2011-07-19iLF1l0oRD863.44 S211cp13110-30r2020-06-25te. 3w2020-06-25yLFDSZPréstamo en sala 001054708DSaGRbGRcHDd2011-07-20iLF1l0oRD863.44 S211cp13110-40r2020-06-25te. 4w2020-06-25yLFDSZPréstamo en sala 0010718PDaPDbPDcHDd2009-11-20iLF1l0oRD863.44 S211cp13110-10r2020-06-25w2020-06-25yLFPDZNo se presta 0010718PDaPDbPDcHDd2009-11-20iLF1l0oRD863.44 S211cp13110-20r2020-06-25te. 2w2020-06-25yLFPDZNo se presta c12752d12752